[Event "Olympiad-44"]
[Site "Chennai"]
[Date "2022.08.01"]
[Round "4.2"]
[White "Diarra, Sirike"]
[Black "Dias, Vanderson"]
[Result "0-1"]
[WhiteElo "1641"]
[BlackElo "2139"]
[PlyCount "106"]
[EventDate "2022.07.29"]
[EventType "team-swiss"]
[EventRounds "11"]
[EventCountry "IND"]
[SourceTitle "CBM 210"]
[Source "ChessBase"]
[SourceDate "2022.10.31"]
[SourceVersion "1"]
[SourceVersionDate "2022.10.31"]
[SourceQuality "1"]
[WhiteTeam "Mali"]
[BlackTeam "Angola"]
[WhiteTeamCountry "MLI"]
[BlackTeamCountry "ANG"]

1. d4 Nf6 2. c4 e6 3. Nf3 d5 4. e3 Be7 5. Bd3 b6 6. 0-0 Bb7 7. b3 Nbd7 8. Bb2 c5 9. Nbd2 0-0 10. Qe2 Rc8 11. Rad1 Qc7 12. Rc1 Bd6 13. Rfe1 Ne4 14. h3 h6 15. cxd5 exd5 16. Nf1 Qd8 17. Red1 Qe7 18. Bxe4 dxe4 19. N3d2 cxd4 20. exd4 f5 21. Nc4 Ba6 22. Nfe3 f4 23. Ng4 f3 24. gxf3 h5 25. Qxe4 Bxc4 26. bxc4 hxg4 27. Qd5+ Rf7 28. Re1 Qh4 29. Qxd6 Rxf3 30. Qe6+ Kh8 31. Qxg4 Qxf2+ 32. Kh1 Rg3 33. Re2 Rxg4 34. Rxf2 Rh4 35. Kg2 Nf6 36. d5 Rhxc4 37. Rxc4 Rxc4 38. d6 Kg8 39. Kg3 Ne4+ 40. Kg2 Nxd6 41. Ba3 Ne4 42. Rf8+ Kh7 43. Rf7 Rc2+ 44. Kf1 Rxa2 45. Be7 Kg6 46. Rf4 Ng3+ 47. Ke1 Re2+ 48. Kd1 Rxe7 49. Rg4+ Kh5 50. Rxg3 Kh4 51. Rf3 g5 52. Rc3 Re5 53. Kc2 Rc5 0-1

[Event "ANG-ch"]
[Site "Benguela"]
[Date "2022.05.26"]
[Round "7"]
[White "Dias, Vanderson"]
[Black "Simoes, Joao"]
[Result "1/2-1/2"]
[WhiteElo "2110"]
[BlackElo "2179"]
[PlyCount "30"]
[EventDate "2022.05.22"]
[EventType "swiss"]
[EventRounds "9"]
[EventCountry "ANG"]
[SourceTitle "EXT 2023"]
[Source "ChessBase"]
[SourceDate "2022.10.05"]
[SourceVersion "1"]
[SourceVersionDate "2022.10.05"]
[SourceQuality "1"]

1. e4 d5 2. exd5 Qxd5 3. Nc3 Qd6 4. d4 Nf6 5. Bd3 c6 6. Nge2 Bg4 7. f3 Bh5 8. Bf4 Qd7 9. Qd2 e6 10. a3 Be7 11. h4 Na6 12. 0-0-0 0-0-0 13. Ng3 Nc7 14. Nge2 Na6 15. Ng3 Nc7 1/2-1/2

[Event "Online Olym Div3 C"]
[Site "Chess.com INT"]
[Date "2021.08.29"]
[Round "8.3"]
[White "Toczek, Grzegorz"]
[Black "Dias, Vanderson"]
[Result "1/2-1/2"]
[WhiteElo "2271"]
[BlackElo "2133"]
[PlyCount "142"]
[EventDate "2021.08.27"]
[EventType "team-tourn (rapid)"]
[EventRounds "9"]
[EventCountry "USA"]
[SourceTitle "CBM 204 Extra"]
[Source "ChessBase"]
[SourceDate "2021.11.30"]
[SourceVersion "1"]
[SourceVersionDate "2021.11.30"]
[SourceQuality "1"]
[WhiteTeam "Wales"]
[BlackTeam "Angola"]
[WhiteTeamCountry "WLS"]
[BlackTeamCountry "ANG"]

1. e4 c6 2. d4 d5 3. Nd2 dxe4 4. Nxe4 Nf6 5. Nxf6+ exf6 6. c3 Bf5 7. Bd3 Bxd3 8. Qxd3 Bd6 9. Ne2 0-0 10. 0-0 Qc7 11. Qh3 Re8 12. Be3 Nd7 13. Ng3 Bxg3 14. Qxg3 Qxg3 15. hxg3 Nb6 16. b3 Nd5 17. Bd2 Re2 18. Rad1 Rae8 19. Rfe1 Rxe1+ 20. Rxe1 Rxe1+ 21. Bxe1 f5 22. Kf1 f6 23. Ke2 Kf7 24. Kd3 Nc7 25. Kc4 Ke6 26. a4 g5 27. Bd2 h5 28. Kd3 Ne8 29. c4 Nd6 30. f3 Nc8 31. Bb4 Nb6 32. Bc5 Nc8 33. a5 b6 34. Bb4 bxa5 35. Bxa5 Ne7 36. Bd2 Ng6 37. Be3 h4 38. Bf2 hxg3 39. Bxg3 a6 40. Kc3 f4 41. Bf2 Ne7 42. Kb4 Nf5 43. Kc5 Kd7 44. Kb6 Ne3 45. g4 f5 46. gxf5 g4 47. fxg4 Nxg4 48. Bh4 f3 49. Kxa6 f2 50. Bxf2 Nxf2 51. b4 Ne4 52. b5 cxb5 53. cxb5 Nd6 54. b6 Kc8 55. f6 Kb8 56. b7 Ne8 57. f7 Nc7+ 58. Kb6 Ne6 59. d5 Nf8 60. Kc6 Ng6 61. Kb6 Nf8 62. d6 Nd7+ 63. Ka6 Nf8 64. Kb6 Nd7+ 65. Kc6 Ne5+ 66. Kd5 Nxf7 67. d7 Kxb7 68. Ke6 Nd8+ 69. Ke7 Nc6+ 70. Ke8 Kc7 71. d8Q+ Nxd8 1/2-1/2

[Event "Online Olym Div3 C"]
[Site "Chess.com INT"]
[Date "2021.08.28"]
[Round "5.2"]
[White "Dias, Vanderson"]
[Black "Yazan, Abo Khalaf"]
[Result "1-0"]
[WhiteElo "2133"]
[BlackElo "1663"]
[PlyCount "69"]
[EventDate "2021.08.27"]
[EventType "team-tourn (rapid)"]
[EventRounds "9"]
[EventCountry "USA"]
[SourceTitle "CBM 204 Extra"]
[Source "ChessBase"]
[SourceDate "2021.11.30"]
[SourceVersion "1"]
[SourceVersionDate "2021.11.30"]
[SourceQuality "1"]
[WhiteTeam "Angola"]
[BlackTeam "Palestine"]
[WhiteTeamCountry "ANG"]
[BlackTeamCountry "PLE"]

1. e4 d5 2. exd5 Nf6 3. d4 Bg4 4. Be2 Bxe2 5. Nxe2 Qxd5 6. 0-0 Nc6 7. b3 0-0-0 8. c4 Qh5 9. Bb2 e6 10. Nd2 g5 11. d5 Bd6 12. Ng3 Qxd1 13. Raxd1 Ne5 14. c5 Nxd5 15. cxd6 cxd6 16. Nc4 f6 17. Rfe1 b5 18. Nxe5 dxe5 19. Ne4 Rhe8 20. Rc1+ Kb8 21. Nxf6 Nxf6 22. Bxe5+ Kb7 23. Bxf6 Rd2 24. a4 h6 25. axb5 Rf8 26. Rxe6 g4 27. Bh4 h5 28. Rce1 Rf5 29. h3 Rxb5 30. hxg4 hxg4 31. Re7+ Kc8 32. Rxa7 Kb8 33. Rg7 Rxb3 34. Re8+ Rd8 35. Rxd8# 1-0

[Event "Online Olym Div3 B"]
[Site "Chess.com INT"]
[Date "2020.08.07"]
[Round "3.2"]
[White "Dias, Vanderson"]
[Black "Martins, David Pires Tavares"]
[Result "0-1"]
[WhiteElo "2115"]
[BlackElo "2398"]
[PlyCount "86"]
[EventDate "2020.08.07"]
[EventType "team-tourn (rapid)"]
[EventRounds "9"]
[EventCountry "USA"]
[SourceTitle "CBM 198"]
[Source "ChessBase"]
[SourceDate "2020.10.31"]
[SourceVersion "1"]
[SourceVersionDate "2020.10.31"]
[SourceQuality "1"]
[WhiteTeam "Angola"]
[BlackTeam "Portugal"]
[WhiteTeamCountry "ANG"]
[BlackTeamCountry "POR"]

1. e4 d6 2. d4 Nf6 3. Nc3 e5 4. dxe5 dxe5 5. Qxd8+ Kxd8 6. Bg5 h6 7. 0-0-0+ Nbd7 8. Bxf6+ gxf6 9. Bc4 Rh7 10. Nf3 c6 11. a3 Kc7 12. h3 Nc5 13. Nh4 b5 14. Ba2 a5 15. Rhe1 b4 16. Nb1 h5 17. Bc4 Be6 18. Bxe6 fxe6 19. Nd2 Bh6 20. g3 bxa3 21. bxa3 Na4 22. Ng2 Nc3 23. Ne3 Rb8 24. Nb3 Bf8 25. Nc4 Nxd1 26. Kxd1 a4 27. Nbd2 Rd7 28. Ke2 Rd4 29. c3 Rd7 30. g4 hxg4 31. hxg4 Bh6 32. Nf3 Rb3 33. g5 Bxg5 34. Nxg5 fxg5 35. Rc1 Rb5 36. Ke3 Rh7 37. Nd2 Rh3+ 38. f3 g4 39. Rf1 gxf3 40. Nxf3 Rb3 41. Kd2 Rxa3 42. Nxe5 Ra2+ 43. Kc1 Ra1+ 0-1

[Event "Africa-ch U20"]
[Site "Tiaret"]
[Date "2014.01.29"]
[Round "6"]
[White "Dias, Vanderson"]
[Black "Meftahi, Houssem"]
[Result "0-1"]
[WhiteElo "2006"]
[BlackElo "1994"]
[PlyCount "44"]
[EventDate "2014.01.25"]
[EventType "swiss"]
[EventRounds "9"]
[EventCountry "ALG"]
[SourceTitle "CBM 158 Extra"]
[Source "ChessBase"]
[SourceDate "2014.02.28"]
[SourceVersion "1"]
[SourceVersionDate "2014.02.28"]
[SourceQuality "1"]

1. e4 c5 2. Nf3 Nc6 3. d4 cxd4 4. Nxd4 e5 5. Nb3 Nf6 6. Nc3 Bb4 7. Bg5 h6 8. Bxf6 Qxf6 9. Qd3 d6 10. a3 Bxc3+ 11. Qxc3 0-0 12. Qd3 Be6 13. c4 Qg6 14. g3 f5 15. Bg2 fxe4 16. Qxd6 Qf7 17. Qd2 Bxc4 18. Nc5 Rad8 19. Qe3 Nd4 20. Bxe4 b6 21. b3 Bd5 22. Na4 Bxe4 0-1

[Event "Commonwealth & RSA op"]
[Site "Port Elizabeth"]
[Date "2013.07.10"]
[Round "7"]
[White "Dias, Vanderson"]
[Black "Burger, Heinrich"]
[Result "1-0"]
[WhiteElo "2012"]
[BlackElo "2134"]
[PlyCount "43"]
[EventDate "2013.07.06"]
[EventType "swiss"]
[EventRounds "11"]
[EventCountry "RSA"]
[SourceTitle "CBM 155 Extra"]
[Source "ChessBase"]
[SourceDate "2013.08.26"]
[SourceVersion "1"]
[SourceVersionDate "2013.08.26"]
[SourceQuality "1"]

1. e4 c5 2. Nf3 d6 3. d4 cxd4 4. Nxd4 Nf6 5. Nc3 g6 6. f3 Bg7 7. Be3 0-0 8. Qd2 Nc6 9. g4 d5 10. Nxc6 bxc6 11. exd5 cxd5 12. 0-0-0 Qa5 13. Bd4 e5 14. Bxe5 Ne4 15. Nxe4 Qxa2 16. Qxd5 Bh6+ 17. g5 Qxd5 18. Rxd5 Bb7 19. Nf6+ Kh8 20. gxh6 Bxd5 21. Nxd5+ Kg8 22. Ne7# 1-0

[Event "Commonwealth & RSA op"]
[Site "Port Elizabeth"]
[Date "2013.07.06"]
[Round "1"]
[White "Dias, Vanderson"]
[Black "Padayachee, Keyana Chloe"]
[Result "1-0"]
[WhiteElo "2012"]
[BlackElo "1432"]
[PlyCount "59"]
[EventDate "2013.07.06"]
[EventType "swiss"]
[EventRounds "11"]
[EventCountry "RSA"]
[SourceTitle "CBM 155 Extra"]
[Source "ChessBase"]
[SourceDate "2013.08.26"]
[SourceVersion "1"]
[SourceVersionDate "2013.08.26"]
[SourceQuality "1"]

1. e4 e5 2. Nf3 Nc6 3. d4 exd4 4. Nxd4 Bc5 5. Be3 Qe7 6. Nc3 Bb4 7. Bd3 a6 8. 0-0 Bxc3 9. bxc3 h6 10. Nf5 Qf6 11. Bd4 Nxd4 12. cxd4 g6 13. e5 Qc6 14. Ne3 h5 15. c4 Ne7 16. f4 d6 17. Qc2 h4 18. Be4 Qb6 19. Qc3 Rh5 20. Rab1 Qa7 21. c5 dxc5 22. dxc5 c6 23. Qd4 Bd7 24. Nc4 Nc8 25. Rfd1 Kf8 26. Nb6 Bg4 27. Qd8+ Kg7 28. Qf6+ Kg8 29. Rd8+ Kh7 30. Rh8# 1-0

[Event "Africa-ch U20"]
[Site "Hammamet"]
[Date "2012.12.31"]
[Round "9"]
[White "Dias, Vanderson"]
[Black "Hanekom, Johannes Albertus J"]
[Result "1/2-1/2"]
[WhiteElo "2003"]
[BlackElo "2083"]
[PlyCount "69"]
[EventDate "2012.12.24"]
[EventType "swiss"]
[EventRounds "9"]
[EventCountry "TUN"]
[SourceTitle "CBM 152 Extra"]
[Source "ChessBase"]
[SourceDate "2013.02.25"]
[SourceVersion "1"]
[SourceVersionDate "2013.02.25"]
[SourceQuality "1"]

1. e4 e5 2. Nf3 Nc6 3. d4 exd4 4. Nxd4 Nf6 5. Nc3 Bb4 6. Nxc6 bxc6 7. Bd3 d6 8. 0-0 0-0 9. Bg5 h6 10. Bh4 Bxc3 11. bxc3 Qe7 12. Qf3 Rb8 13. Bxf6 Qxf6 14. Qxf6 gxf6 15. Rab1 Be6 16. c4 c5 17. Rb3 Rb6 18. Rfb1 Rfb8 19. f4 Kf8 20. Kf2 Ke7 21. Rxb6 axb6 22. Rb3 Ra8 23. f5 Bd7 24. a3 Ba4 25. Rc3 Bc6 26. Ke3 Rg8 27. g3 Re8 28. Kf4 Kf8 29. Rb3 Kg7 30. g4 Ba4 31. Rb1 Ra8 32. h4 Bc6 33. Rg1 Rg8 34. g5 hxg5+ 35. hxg5 1/2-1/2